[Event "Athens Smaok-ch"]
[Site "Greece"]
[Date "2012.09.16"]
[Round "1.9"]
[White "Karagiannis, Dimitrios"]
[Black "Ermidis, Alexandros"]
[Result "1-0"]
[WhiteElo "1860"]
[BlackElo "1350"]
[PlyCount "77"]
[EventDate "2012.09.16"]
[EventType "swiss"]
[EventRounds "7"]
[EventCountry "GRE"]
[SourceTitle "EXT 2024"]
[Source "ChessBase"]
[SourceDate "2023.10.10"]
[SourceVersion "1"]
[SourceVersionDate "2023.10.10"]
[SourceQuality "1"]

1. d4 Nf6 2. c4 g6 3. Nc3 Bg7 4. e4 e6 5. Bg5 d6 6. f4 Qd7 7. Nf3 0-0 8. Be2 c5 9. 0-0 Na6 10. e5 Ng4 11. Qd2 dxe5 12. dxe5 Qxd2 13. Nxd2 Ne3 14. Rfc1 f6 15. exf6 Bxf6 16. Bxf6 Rxf6 17. Kf2 Nf5 18. Nde4 Rf7 19. Nb5 Bd7 20. g3 b6 21. Bf3 Rd8 22. Rd1 Rff8 23. Ned6 Nxd6 24. Nxd6 Be8 25. a3 Nb8 26. Bg4 e5 27. Be6+ Kg7 28. Nf5+ gxf5 29. Rxd8 Nc6 30. Ra8 Bf7 31. Rxf8 Kxf8 32. Bxf5 Bxc4 33. Bxh7 exf4 34. gxf4 Nd4 35. Rc1 Bb5 36. Ke3 Bc6 37. b4 Nb3 38. Rc3 Nd4 39. bxc5 1-0